[Event "13. Sparkassen Open 2014 - Gruppe A"]
[Site "Forchheim"]
[Date "2014.10.03"]
[Round "1.1"]
[White "Carlstedt, Jonathan"]
[Black "Huber, Edwin"]
[Result "1-0"]
[WhiteElo "2442"]
[BlackElo "2148"]
[PlyCount "85"]
[EventDate "2014.??.??"]
[WhiteTeam "Hamburger SK"]
[BlackTeam "SV Ilmmünster"]

1. c4 c5 2. Nc3 Nf6 3. g3 d5 4. cxd5 Nxd5 5. Bg2 Nc7 6. Nf3 Nc6 7. O-O e5 8. d3
Be7 9. Nd2 Bd7 10. Nc4 f6 11. f4 exf4 12. Bxf4 b6 13. Nd6+ Kf8 14. Nce4 Be6 15.
Nc4 Qd7 16. Ng5 fxg5 17. Bxc7+ Bf6 18. Be5 Nxe5 19. Bxa8 Ke7 20. Bg2 Bxc4 21.
dxc4 Qxd1 22. Raxd1 Nxc4 23. Rd3 Bxb2 24. Rfd1 Ne5 25. Rb3 Bd4+ 26. e3 c4 27.
exd4 cxb3 28. dxe5 bxa2 29. Ra1 Ke6 30. Rxa2 a5 31. Rb2 Rb8 32. Rb5 g4 33. Bf1
g6 34. Bc4+ Kf5 35. e6+ Kf6 36. Rb2 Ke7 37. Rf2 Rf8 38. Rxf8 Kxf8 39. Kf2 Ke7
40. Ke3 b5 41. Bxb5 Kxe6 42. Kf4 Kd5 43. Kxg4 1-0

[Event "13. Sparkassen Open 2014 - Gruppe A"]
[Site "Forchheim"]
[Date "2014.10.03"]
[Round "1.2"]
[White "Heimrath, Reiner"]
[Black "Seyb, Alexander"]
[Result "0-1"]
[WhiteElo "2192"]
[BlackElo "2374"]
[PlyCount "140"]
[EventDate "2014.??.??"]
[WhiteTeam "SC Noris-Tarrasch Nürnberg"]
[BlackTeam "SC Forchheim"]

1. e4 c5 2. Nf3 d6 3. c3 Nf6 4. Bd3 Bg4 5. h3 Bxf3 6. Qxf3 Nc6 7. Bb5 Rc8 8. d3
g6 9. O-O Bg7 10. Qe2 O-O 11. f4 a6 12. Bxc6 Rxc6 13. Nd2 b5 14. Nf3 c4 15. d4
d5 16. Ne5 Rc7 17. exd5 Qxd5 18. a3 e6 19. Bd2 Ne4 20. Be1 Rb8 21. Rf3 f5 22.
h4 Bxe5 23. fxe5 h5 24. Bd2 a5 25. Qe3 Rd7 26. Qh6 Rg7 27. Bg5 Kf7 28. Re1 Nxg5
29. Qxg5 Qd8 30. Qf4 g5 31. hxg5 Qxg5 32. Qxg5 Rxg5 33. Rf2 Ke7 34. Rd1 Rd8 35.
Rfd2 Rd5 36. Kf2 Kd7 37. a4 Kc6 38. Ra1 Rg8 39. Kf3 Rd7 40. axb5+ Kxb5 41. Rh1
Rdg7 42. Rh3 Ka4 43. g3 Kb3 44. Rg2 Rg4 45. Rxh5 f4 46. Rh7 Rxg3+ 47. Rxg3 fxg3
48. Rb7+ Kc2 49. Kg2 a4 50. Rb6 a3 51. bxa3 Kxc3 52. Rxe6 Kxd4 53. Rc6 Kd5 54.
Rc7 Rg4 55. a4 Kxe5 56. a5 Kd6 57. Rc8 Kd5 58. a6 Rg7 59. Ra8 Kd4 60. Rb8 Ra7
61. Rd8+ Kc5 62. Rc8+ Kb5 63. Rb8+ Kxa6 64. Kxg3 Rc7 65. Kf2 c3 66. Rb1 c2 67.
Rc1 Kb5 68. Ke3 Kb4 69. Kd3 Kb3 70. Rh1 c1=Q 0-1

[Event "13. Sparkassen Open 2014 - Gruppe A"]
[Site "Forchheim"]
[Date "2014.10.03"]
[Round "1.3"]
[White "Heidrich, Manfred"]
[Black "Wagner, Florian"]
[Result "1/2-1/2"]
[WhiteElo "2340"]
[BlackElo "2215"]
[PlyCount "61"]
[EventDate "2014.??.??"]
[WhiteTeam "SC Forchheim"]
[BlackTeam "SC Noris-Tarrasch Nürnberg"]

1. e4 e5 2. Nf3 Nc6 3. d4 exd4 4. Nxd4 Bc5 5. Nxc6 Qf6 6. Qf3 Qxf3 7. gxf3 dxc6
8. Be3 Bxe3 9. fxe3 Be6 10. Rg1 g6 11. Nd2 O-O-O 12. Bc4 Bxc4 13. Nxc4 Nf6 14.
Ke2 Rde8 15. Rad1 Rhf8 16. Rg5 Nd7 17. h4 f6 18. Rg3 Ne5 19. Nd2 Nf7 20. Nc4
Ne5 21. Nxe5 Rxe5 22. Rd3 Rc5 23. Kd2 Rd8 24. Rh3 Rd6 25. Rd4 Kd7 26. Kd3 Rh5
27. c4 Ke6 28. Ke2 Rc5 29. Kd3 Rh5 30. Ke2 Rc5 31. Kd3 1/2-1/2

[Event "13. Sparkassen Open 2014 - Gruppe A"]
[Site "Forchheim"]
[Date "2014.10.03"]
[Round "1.4"]
[White "Flüchter, Gregor"]
[Black "Hacker, Jonas"]
[Result "0-1"]
[WhiteElo "2155"]
[BlackElo "2242"]
[PlyCount "104"]
[EventDate "2014.??.??"]
[WhiteTeam "SF Brackel"]
[BlackTeam "SG Speyer-Schwegenheim"]

1. e4 c5 2. Nf3 d6 3. d4 cxd4 4. Nxd4 Nf6 5. Nc3 g6 6. Be3 Bg7 7. f3 O-O 8. Qd2
Nc6 9. O-O-O d5 10. Qe1 e5 11. Nxc6 bxc6 12. Bc5 Re8 13. exd5 cxd5 14. Bb5 Bd7
15. Nxd5 Bxb5 16. Ne7+ Qxe7 17. Bxe7 Rxe7 18. Qa5 Bd7 19. Rhe1 Ree8 20. Rxe5
Be6 21. Ree1 Rab8 22. Rd3 Nh5 23. b3 Nf4 24. Rdd1 Rec8 25. Qg5 Bf5 26. c4 Nd3+
27. Rxd3 Bxd3 28. g4 Rxc4+ 29. bxc4 Bc3 30. Qb5 Rxb5 31. Re8+ Kg7 32. cxb5 Bxb5
33. Rb8 Be2 34. Re8 Ba6 35. Kc2 Bd4 36. Re4 Bb6 37. g5 Bb7 38. Rf4 Be3 39. Rg4
Bxf3 40. Rg3 Be4+ 41. Kc3 Bf4 42. Rg4 Be5+ 43. Kc4 Bf5 44. Rg2 Be6+ 45. Kb5 h6
46. h4 h5 47. Ka6 Bd4 48. Rd2 Be3 49. Rc2 Bf5 50. Rc3 Bf2 51. a4 Bxh4 52. Kxa7
Bxg5 0-1

[Event "13. Sparkassen Open 2014 - Gruppe A"]
[Site "Forchheim"]
[Date "2014.10.03"]
[Round "1.5"]
[White "Hilverda, Alexander"]
[Black "Berndt, Matthias"]
[Result "1-0"]
[WhiteElo "2296"]
[BlackElo "2148"]
[PlyCount "87"]
[EventDate "2014.??.??"]
[WhiteTeam "SC Erlangen"]
[BlackTeam "FULDA"]

1. d4 d5 2. c4 dxc4 3. Nf3 Nf6 4. e3 e6 5. Bxc4 c5 6. O-O Nc6 7. Nc3 a6 8. a4
Be7 9. Qe2 Qc7 10. dxc5 Bxc5 11. h3 O-O 12. e4 Nd4 13. Nxd4 Bxd4 14. Rd1 Qe5
15. Be3 Bxc3 16. bxc3 Qxe4 17. Bd3 Qe5 18. Qf3 Qh5 19. g4 Qh4 20. Bf1 Re8 21.
g5 Ne4 22. Rd4 Nxg5 23. Qg2 Nxh3+ 24. Qxh3 Qxh3 25. Bxh3 e5 26. Rh4 Bxh3 27.
Rxh3 Rac8 28. Bb6 Rc6 29. a5 f5 30. Rd1 Rce6 31. Rd7 R6e7 32. Rhd3 e4 33. R3d5
f4 34. Bc5 Re5 35. Rxe5 Rxe5 36. Bd4 Rg5+ 37. Kf1 f3 38. Rxb7 h5 39. Ke1 h4 40.
Kd2 h3 41. Rb1 Kf7 42. Ke3 Rg4 43. c4 Ke6 44. Rh1 1-0

[Event "13. Sparkassen Open 2014 - Gruppe A"]
[Site "Forchheim"]
[Date "2014.10.03"]
[Round "1.6"]
[White "Walter, Florian"]
[Black "Golda, Harald"]
[Result "0-1"]
[WhiteElo "2122"]
[BlackElo "2349"]
[PlyCount "98"]
[EventDate "2014.??.??"]
[WhiteTeam "SC Noris-Tarrasch Nürnberg"]
[BlackTeam "SK Schweinfurt"]

1. c4 {[%emt 0:00:00]} c5 2. Nc3 Nc6 3. g3 Nf6 4. Bg2 g6 5. Nf3 Bg7 6. O-O O-O
7. d4 cxd4 8. Nxd4 Nxd4 9. Qxd4 d6 10. Qd2 Rb8 11. b3 Re8 12. Bb2 Qa5 13. Ne4
Qxd2 14. Nxd2 Ne4 15. Bxg7 Nxd2 16. Rfd1 Kxg7 17. Rxd2 Bg4 18. Kf1 Rec8 19. Rc1
Rc7 20. Rd4 h5 21. Rcd1 b5 22. cxb5 Rxb5 23. Be4 a5 24. f3 Be6 25. Bd5 Bxd5 26.
Rxd5 Rcc5 27. Rxc5 Rxc5 28. Rd4 d5 29. f4 Kf6 30. b4 axb4 31. Rxb4 Rc2 32. a4
Ra2 33. Kf2 e5 34. fxe5+ Kxe5 35. Kf3 g5 36. h3 f5 37. Kf2 d4 38. Kf3 g4+ 39.
hxg4 hxg4+ 40. Kf2 d3 41. Ke3 Rxe2+ 42. Kxd3 Rg2 43. Rb5+ Kf6 44. a5 Rxg3+ 45.
Kd4 Ra3 46. Rb6+ Kg5 47. a6 g3 48. Ke5 g2 49. Rb8 Rxa6 0-1

[Event "13. Sparkassen Open 2014 - Gruppe A"]
[Site "Forchheim"]
[Date "2014.10.03"]
[Round "1.7"]
[White "Thinius, Marco"]
[Black "Grüttner, Ralf"]
[Result "1-0"]
[WhiteElo "2335"]
[BlackElo "2107"]
[PlyCount "105"]
[EventDate "2014.??.??"]
[WhiteTeam "SV Empor Berlin"]
[BlackTeam "SK Freising"]

1. c4 Nf6 2. g3 g6 3. Bg2 Bg7 4. Nc3 O-O 5. d4 d6 6. Nf3 Nc6 7. O-O a6 8. Qd3
e5 9. dxe5 dxe5 10. Qxd8 Rxd8 11. Bg5 Re8 12. Nd2 h6 13. Bxf6 Bxf6 14. Nde4 Bd8
15. Rfd1 Rb8 16. Rd2 Kg7 17. Rad1 Be6 18. Nc5 Bg5 19. Nxe6+ Rxe6 20. Rd7 Re7
21. Rxe7 Nxe7 22. Rd7 b5 23. cxb5 axb5 24. h4 Bf6 25. Rxc7 Nf5 26. Bd5 Nd6 27.
Ne4 Bd8 28. Rd7 Nxe4 29. Rxf7+ Kh8 30. Bxe4 g5 31. h5 Kg8 32. Bd5 Kh8 33. Kg2
Ba5 34. Kf3 Rd8 35. Ke4 Bb4 36. Kxe5 Rf8 37. f4 Rxf7 38. Bxf7 Be1 39. fxg5
Bxg3+ 40. Kf5 hxg5 41. Be8 b4 42. a4 bxa3 43. bxa3 Bf4 44. e4 Kg7 45. a4 Bd2
46. e5 Bc3 47. Bb5 g4 48. e6 Kf8 49. Kxg4 Ke7 50. Kf5 Kd6 51. h6 Ke7 52. h7 Kd6
53. a5 1-0

[Event "13. Sparkassen Open 2014 - Gruppe A"]
[Site "Forchheim"]
[Date "2014.10.03"]
[Round "1.8"]
[White "Etlender, Roman"]
[Black "Stillger, Bernhard"]
[Result "1/2-1/2"]
[WhiteElo "2184"]
[BlackElo "2293"]
[PlyCount "45"]
[EventDate "2014.??.??"]
[WhiteTeam "Regensb. Turnerschaft"]
[BlackTeam "SV Dinslaken"]

1. c4 c5 2. Nc3 Nf6 3. e4 Nc6 4. d3 g6 5. g3 Bg7 6. Bg2 d6 7. Nge2 O-O 8. O-O
Rb8 9. h3 a6 10. Rb1 b5 11. Be3 b4 12. Nd5 Nxd5 13. exd5 Nd4 14. Nxd4 cxd4 15.
Bd2 e5 16. Kh2 Bd7 17. Qe1 Bf5 18. Qe2 h5 19. f3 Bd7 20. Qf2 Bf5 21. Qe2 Bd7
22. Qe1 Bf5 23. Qe2 1/2-1/2

[Event "13. Sparkassen Open 2014 - Gruppe A"]
[Site "Forchheim"]
[Date "2014.10.03"]
[Round "1.9"]
[White "Niedermeier, Thomas"]
[Black "Seidens, Udo"]
[Result "0-1"]
[WhiteElo "2202"]
[BlackElo "2232"]
[PlyCount "89"]
[EventDate "2014.??.??"]
[WhiteTeam "SV Ilmmünster"]
[BlackTeam "SK Schweinfurt"]

1. e4 g6 2. Nc3 Bg7 3. f4 c6 4. Bc4 d5 5. exd5 b5 6. Bb3 b4 7. Nce2 cxd5 8. Nf3
Nf6 9. O-O O-O 10. d3 Qb6+ 11. Kh1 Nc6 12. c3 a5 13. Ned4 Nxd4 14. Nxd4 bxc3
15. bxc3 Qc5 16. Be3 Qxc3 17. Rc1 Qb4 18. Nc6 Qd6 19. Ba4 Bg4 20. Qe1 Nd7 21.
Qh4 Be2 22. Rfe1 Bf6 23. Qh3 Bxd3 24. Nxe7+ Bxe7 25. Bxd7 Rfd8 26. Bg4 Bf6 27.
Bc5 Qxf4 28. Be3 Qd6 29. Bc5 Qf4 30. Be3 Qd6 31. Bc5 Qa6 32. Be6 h5 33. Qf3 Be4
34. Qxf6 Qxe6 35. Qd4 Qg4 36. Qf2 Rd7 37. Rc3 Rb8 38. Rg3 Qf5 39. Qd2 Kh7 40.
Bd4 Rdb7 41. Rg5 Qe6 42. Re5 Qc6 43. Qf4 f6 44. Re7+ Rxe7 45. Qxb8 0-1

[Event "13. Sparkassen Open 2014 - Gruppe A"]
[Site "Forchheim"]
[Date "2014.10.03"]
[Round "1.10"]
[White "Fieberg, Samuel"]
[Black "Martin Fernandez, Rodrigo"]
[Result "1-0"]
[WhiteElo "2020"]
[BlackElo "2159"]
[PlyCount "77"]
[EventDate "2014.??.??"]
[WhiteTeam "SG Porz"]
[BlackTeam "SC Erlangen"]

1. e4 c5 2. Nf3 a6 3. c3 d5 4. exd5 Qxd5 5. d4 e6 6. Be2 Nf6 7. O-O Be7 8. Ne5
O-O 9. Be3 cxd4 10. cxd4 Nbd7 11. Nc3 Qa5 12. Bf4 Nxe5 13. Bxe5 Bd7 14. Bf3 Bc6
15. Bxc6 bxc6 16. Qf3 Rac8 17. a3 Nd7 18. Qg3 Nxe5 19. dxe5 Rfd8 20. Rfd1 Qc5
21. Qf4 h6 22. h4 Rb8 23. g3 Qb6 24. b4 a5 25. bxa5 Qxa5 26. Rxd8+ Rxd8 27. Ne4
Qd5 28. a4 Qd4 29. Rb1 Qa7 30. Nd6 Bxd6 31. exd6 Qd7 32. Rd1 c5 33. Qc4 Qc6 34.
a5 Rxd6 35. Rxd6 Qxd6 36. a6 Qd1+ 37. Kg2 Qa1 38. Qb5 Kh7 39. Qb7 1-0

[Event "13. Sparkassen Open 2014 - Gruppe A"]
[Site "Forchheim"]
[Date "2014.10.03"]
[Round "1.11"]
[White "Miller, Eduard"]
[Black "Birkenmaier, Rainer"]
[Result "1-0"]
[WhiteElo "2143"]
[BlackElo "2077"]
[PlyCount "87"]
[EventDate "2014.??.??"]
[WhiteTeam "SC Erlangen"]
[BlackTeam "TG Biberach"]

1. e4 g6 2. d4 Bg7 3. c4 d6 4. Nc3 e5 5. Nge2 exd4 6. Nxd4 Nc6 7. Be3 Nxd4 8.
Bxd4 Bxd4 9. Qxd4 Qf6 10. Qd2 Be6 11. Nd5 Bxd5 12. cxd5 Ne7 13. Rc1 c5 14. dxc6
bxc6 15. Bc4 O-O 16. O-O d5 17. exd5 cxd5 18. Bb3 Rac8 19. Rxc8 Rxc8 20. Rd1
Kg7 21. h3 Rd8 22. Qa5 Qb6 23. Qc3+ Kg8 24. Rd4 Rd7 25. g4 Qe6 26. Rf4 f5 27.
g5 Qc6 28. Qe3 Qd6 29. Ra4 Qb6 30. Qe5 Qc7 31. Qe6+ Kf8 32. Qf6+ Kg8 33. Ra6
Qd8 34. Re6 Nc8 35. Qe5 Kf7 36. h4 Nb6 37. a4 Nc4 38. Rf6+ Kg8 39. Qe6+ Kg7 40.
h5 gxh5 41. Qxf5 Qe7 42. Bc2 Kg8 43. g6 Nd6 44. gxh7+ 1-0

[Event "13. Sparkassen Open 2014 - Gruppe A"]
[Site "Forchheim"]
[Date "2014.10.03"]
[Round "1.12"]
[White "Liepold, Stefan"]
[Black "Günnigmann, Manuel"]
[Result "1-0"]
[WhiteElo "2137"]
[BlackElo "2177"]
[PlyCount "77"]
[EventDate "2014.??.??"]
[WhiteTeam "SC Erlangen"]
[BlackTeam "Stader SV"]

1. e4 c5 2. Nf3 Nc6 3. d4 cxd4 4. Nxd4 Nf6 5. Nc3 e5 6. Ndb5 d6 7. Bg5 a6 8.
Na3 b5 9. Bxf6 gxf6 10. Nd5 Bg7 11. Bd3 Ne7 12. Nxe7 Qxe7 13. O-O O-O 14. c4 f5
15. Qf3 d5 16. cxd5 fxe4 17. Bxe4 Rb8 18. Rad1 Qh4 19. g3 Qh3 20. Qb3 Rd8 21.
Nc2 Rb6 22. Bg2 Qh5 23. Ne3 Rh6 24. h4 Rhd6 25. Rc1 f5 26. Bh3 Bd7 27. Rc7 f4
28. Bxd7 R6xd7 29. d6+ Qf7 30. Nf5 Qxb3 31. axb3 Bf8 32. Rxd7 Rxd7 33. g4 Kf7
34. Rc1 Ke6 35. Rc6 h5 36. f3 hxg4 37. fxg4 Bxd6 38. h5 Kd5 39. Rxd6+ 1-0

[Event "13. Sparkassen Open 2014 - Gruppe A"]
[Site "Forchheim"]
[Date "2014.10.03"]
[Round "1.13"]
[White "Schulze, Andreas"]
[Black "Eber, Fabian"]
[Result "1/2-1/2"]
[WhiteElo "2239"]
[BlackElo "2003"]
[PlyCount "114"]
[EventDate "2014.??.??"]
[WhiteTeam "TG Biberach"]
[BlackTeam "SGem Fürth"]

1. e4 c5 2. Nf3 Nc6 3. d4 cxd4 4. Nxd4 e5 5. Nb5 a6 6. Nd6+ Bxd6 7. Qxd6 Qe7 8.
Qd1 Nf6 9. Nc3 d6 10. Bg5 Be6 11. Nd5 Bxd5 12. exd5 Nb8 13. c4 Nbd7 14. Be2 h6
15. Be3 O-O 16. O-O Nh7 17. f4 f5 18. fxe5 Nxe5 19. Qd4 Rae8 20. Rae1 Ng5 21.
Bxg5 Qxg5 22. Kh1 f4 23. Bf3 Qh4 24. Re4 g5 25. Bd1 h5 26. b4 Ng4 27. Bxg4 hxg4
28. Re6 Rxe6 29. dxe6 g3 30. h3 f3 31. Qxh4 fxg2+ 32. Kxg2 gxh4 33. e7 Re8 34.
Rf4 Rxe7 35. Rg4+ Kf8 36. Rxh4 Re2+ 37. Kxg3 Rxa2 38. Rh8+ Ke7 39. Rh7+ Ke6 40.
Rxb7 Rc2 41. b5 Rc3+ 42. Kg2 Rc2+ 43. Kf1 a5 44. Rc7 a4 45. b6 Rc1+ 46. Kg2
Rc2+ 47. Kg3 Rc3+ 48. Kg4 a3 49. b7 Rb3 50. Rc6 Rxb7 51. c5 Rg7+ 52. Kf4 Kd5
53. Rxd6+ Kxc5 54. Ra6 Kb4 55. h4 Kb3 56. h5 Kb2 57. h6 Rh7 1/2-1/2

[Event "13. Sparkassen Open 2014 - Gruppe A"]
[Site "Forchheim"]
[Date "2014.10.03"]
[Round "1.14"]
[White "Schwab, Matthias"]
[Black "Reis, Gerhard"]
[Result "1/2-1/2"]
[WhiteElo "2082"]
[BlackElo "2203"]
[PlyCount "76"]
[EventDate "2014.??.??"]
[WhiteTeam "SC Böblingen"]
[BlackTeam "SW Nürnberg"]

1. d4 Nf6 2. c4 g6 3. Nc3 d5 4. cxd5 Nxd5 5. e4 Nxc3 6. bxc3 Bg7 7. Be3 c5 8.
Rc1 Qa5 9. Qd2 cxd4 10. cxd4 Qxd2+ 11. Bxd2 O-O 12. Nf3 Nc6 13. d5 Ne5 14. Nxe5
Bxe5 15. f4 Bd6 16. e5 Ba3 17. Rc7 Rd8 18. Bc4 Rd7 19. Rxd7 Bxd7 20. Kf2 Rc8
21. Bb3 Bf5 22. Be3 b6 23. Rd1 Kf8 24. h3 h5 25. Kf3 Rc3 26. Ke2 Be4 27. Kf2 h4
28. Rd4 Bxg2 29. Ra4 Rxe3 30. Rxa3 Rg3 31. Rxa7 Bxh3 32. d6 exd6 33. Rxf7+ Ke8
34. e6 Rxb3 35. axb3 Bxe6 36. Rb7 Bxb3 37. Rxb6 Be6 38. Rxd6 Ke7 1/2-1/2

[Event "13. Sparkassen Open 2014 - Gruppe A"]
[Site "Forchheim"]
[Date "2014.10.03"]
[Round "1.15"]
[White "Arnold, Max"]
[Black "Meulner, Klaus"]
[Result "1/2-1/2"]
[WhiteElo "2150"]
[BlackElo "2114"]
[PlyCount "34"]
[EventDate "2014.??.??"]
[WhiteTeam "SF Dornstetten-Pfalzgrafenweiler"]
[BlackTeam "SW Nürnberg"]

1. e4 g6 2. d4 Bg7 3. Nc3 c5 4. dxc5 Bxc3+ 5. bxc3 Qa5 6. Qd4 Nf6 7. Qb4 Qc7 8.
Bb5 Nc6 9. Bxc6 Qxc6 10. f3 b6 11. Be3 Ba6 12. a4 bxc5 13. Qxc5 Qe6 14. Ne2
Bxe2 15. Kxe2 O-O 16. Rhd1 Rfc8 17. Qd4 d6 1/2-1/2

[Event "13. Sparkassen Open 2014 - Gruppe A"]
[Site "Forchheim"]
[Date "2014.10.03"]
[Round "1.16"]
[White "Monninger, Moritz"]
[Black "Fries, Frederik"]
[Result "0-1"]
[WhiteElo "2152"]
[BlackElo "2170"]
[PlyCount "114"]
[EventDate "2014.??.??"]
[WhiteTeam "SV Puschendorf"]
[BlackTeam "SC Schwarzenbach"]

1. d4 d5 2. Nf3 c6 3. c4 Nf6 4. Nbd2 Bf5 5. g3 e6 6. Bg2 h6 7. O-O Be7 8. Ne5
O-O 9. b3 a5 10. Bb2 a4 11. f3 Bh7 12. e4 Qa5 13. bxa4 Bb4 14. Nb3 Qxa4 15. Qe2
Qa6 16. Rfc1 Nbd7 17. Qe3 Rfe8 18. Nd3 Bf8 19. c5 Rec8 20. Nf2 Kh8 21. Bf1 Qa7
22. Bd3 Ng8 23. Qf4 f6 24. exd5 cxd5 25. Bxh7 Kxh7 26. Re1 Qa6 27. Qg4 Re8 28.
Nh3 f5 29. Qh4 Be7 30. Qf4 Bf6 31. Qc7 Qc6 32. Qxc6 bxc6 33. f4 Bd8 34. Nf2
Ngf6 35. Re2 Ra4 36. Bc3 Bc7 37. Nd3 Ne4 38. Be1 Rb8 39. Rb1 Rxd4 40. Nxd4 Rxb1
41. Nxe6 Ba5 42. Nd4 Nexc5 43. Nxc5 Nxc5 44. Nc2 Nd3 45. Kf1 Bxe1 46. Nxe1 Kg8
47. Re3 Nxe1 48. Rxe1 Rxe1+ 49. Kxe1 Kf7 50. Kd2 Ke7 51. Kc3 c5 52. g4 fxg4 53.
Kd3 g6 54. Ke3 h5 55. a4 Kd6 56. f5 gxf5 57. Kf4 c4 0-1

[Event "13. Sparkassen Open 2014 - Gruppe A"]
[Site "Forchheim"]
[Date "2014.10.03"]
[Round "1.17"]
[White "Bunk, Karsten"]
[Black "Kirchhof, Arno"]
[Result "1-0"]
[WhiteElo "2093"]
[BlackElo "2053"]
[PlyCount "51"]
[EventDate "2014.??.??"]
[WhiteTeam "SW Nürnberg"]
[BlackTeam "SC Zugzwang 95"]

1. c4 e6 2. g3 d5 3. Bg2 Nf6 4. Nf3 Be7 5. O-O O-O 6. b3 c5 7. Bb2 Nc6 8. cxd5
Nxd5 9. Nc3 Bf6 10. Rc1 Bd7 11. d3 Rc8 12. Qd2 Nxc3 13. Bxc3 Bxc3 14. Qxc3 b6
15. Rfd1 Qe7 16. d4 Nxd4 17. Nxd4 cxd4 18. Qxd4 Rxc1 19. Rxc1 Rc8 20. Rd1 Be8
21. h4 h6 22. Be4 Rc7 23. Qe5 Bc6 24. Rc1 Qa3 25. Rxc6 Rxc6 26. Qb8+ 1-0

[Event "13. Sparkassen Open 2014 - Gruppe A"]
[Site "Forchheim"]
[Date "2014.10.03"]
[Round "1.18"]
[White "Fischer-Brandies, Alexander"]
[Black "Walter, Thomas"]
[Result "0-1"]
[WhiteElo "1931"]
[BlackElo "2116"]
[PlyCount "57"]
[EventDate "2014.??.??"]
[WhiteTeam "Gautinger SC"]
[BlackTeam "SC Erlangen"]

1. d4 e6 2. Bf4 c5 3. e3 cxd4 4. exd4 d5 5. c3 Nc6 6. Nf3 Nf6 7. Nbd2 Be7 8.
Bd3 Nh5 9. Bg3 g6 10. Ne5 Nxe5 11. Bxe5 f6 12. g4 fxe5 13. gxh5 e4 14. Bc2 Qc7
15. hxg6 hxg6 16. Qg4 g5 17. O-O-O Qf4 18. Qg3 Bd7 19. Kb1 O-O-O 20. f3 e3 21.
Nb3 Rdf8 22. Qe1 Qxf3 23. Rd3 Rh3 24. Bd1 Qf4 25. Bc2 Qf2 26. Qxf2 Rxf2 27. Bd1
Bb5 28. Nc1 Bxd3+ 29. Nxd3 0-1

[Event "13. Sparkassen Open 2014 - Gruppe A"]
[Site "Forchheim"]
[Date "2014.10.03"]
[Round "1.19"]
[White "Schulz, Lukas"]
[Black "Ulusoy, Tolga"]
[Result "0-1"]
[WhiteElo "2000"]
[BlackElo "2023"]
[PlyCount "156"]
[EventDate "2014.??.??"]
[WhiteTeam "SC Höchstadt/Aisch"]
[BlackTeam "SC Noris-Tarrasch Nürnberg"]

1. e4 c5 2. b4 cxb4 3. d4 d5 4. e5 Bf5 5. a3 e6 6. axb4 Bxb4+ 7. c3 Be7 8. Ne2
Nc6 9. Na3 a6 10. Nf4 Nh6 11. Nh5 O-O 12. Bxh6 gxh6 13. Qd2 Bg5 14. f4 Bh4+ 15.
g3 Bg6 16. Be2 Be7 17. Nc2 Kh8 18. Ne3 Rc8 19. f5 exf5 20. O-O Bg5 21. Nf4 Qd7
22. Bd3 h5 23. h4 Bh6 24. Rac1 Rfd8 25. Be2 Bxf4 26. Rxf4 Ne7 27. Bd3 Rc7 28.
Rcf1 Rdc8 29. Nxf5 Rxc3 30. Nxe7 Qxe7 31. Bxg6 Rxg3+ 32. Kh2 Rxg6 33. Qe2 Qa3
34. Qf2 Qb3 35. Rf3 Rc3 36. Rxc3 Qxc3 37. Qf4 b5 38. Rf2 Qe1 39. Rf1 Qe2+ 40.
Rf2 Qg4 41. Qxg4 Rxg4 42. Rxf7 Rxh4+ 43. Kg3 Rxd4 44. e6 Kg8 45. Ra7 Re4 46.
Rxa6 Kf8 47. Rd6 Rd4 48. Rd7 b4 49. Rxh7 h4+ 50. Kh3 Re4 51. Rf7+ Ke8 52. Rb7
Rc4 53. Rd7 Rd4 54. Rh7 Re4 55. Rb7 b3 56. Rxb3 Ke7 57. Rb6 Rxe6 58. Rb5 Kf6
59. Kxh4 Ke5 60. Kg3 Rf6 61. Rb8 Ke4 62. Re8+ Kd3 63. Rc8 d4 64. Rd8 Kc3 65.
Rc8+ Kd2 66. Re8 d3 67. Rd8 Kc2 68. Rc8+ Kd1 69. Rd8 d2 70. Rc8 Rf5 71. Kg4 Rf2
72. Re8 Re2 73. Rh8 Ke1 74. Rh1+ Kf2 75. Kf4 Re7 76. Rh2+ Ke1 77. Rh1+ Ke2 78.
Rh2+ Kd3 0-1

[Event "13. Sparkassen Open 2014 - Gruppe A"]
[Site "Forchheim"]
[Date "2014.10.03"]
[Round "1.20"]
[White "Jähn, Michael"]
[Black "Lenhardt, Manfred"]
[Result "1-0"]
[WhiteElo "1984"]
[BlackElo "2112"]
[PlyCount "65"]
[EventDate "2014.??.??"]
[WhiteTeam "VfB Schach Leipzig"]
[BlackTeam "SC Weisse Dame"]

1. d4 d5 2. Nf3 Nf6 3. c4 e6 4. g3 dxc4 5. Bg2 Nc6 6. O-O Rb8 7. a4 a6 8. e3
Be7 9. Qe2 b5 10. Ne5 Nxe5 11. dxe5 Nd7 12. Rd1 Bb7 13. Bxb7 Rxb7 14. Qf3 Qc8
15. axb5 axb5 16. Qc6 Rb6 17. Ra8 Rxc6 18. Rxc8+ Bd8 19. e4 Ke7 20. Bg5+ f6 21.
exf6+ gxf6 22. Bd2 Rd6 23. e5 Nxe5 24. Bb4 Kd7 25. Bxd6 Nf3+ 26. Kg2 Kxc8 27.
Kxf3 cxd6 28. Rxd6 Re8 29. Nc3 Bc7 30. Nxb5 Bxd6 31. Nxd6+ Kd7 32. Nxe8 Kxe8
33. Ke4 1-0

[Event "13. Sparkassen Open 2014 - Gruppe A"]
[Site "Forchheim"]
[Date "2014.10.03"]
[Round "1.21"]
[White "Weber, Daniel"]
[Black "Pölsterl, Hans"]
[Result "1/2-1/2"]
[WhiteElo "2003"]
[BlackElo "1973"]
[PlyCount "84"]
[EventDate "2014.??.??"]
[WhiteTeam "SC Bechhofen"]
[BlackTeam "SG Siemens Erlangen"]

1. e4 c6 2. Nc3 d5 3. Nf3 dxe4 4. Nxe4 Bg4 5. Bc4 e6 6. d3 Nd7 7. Bf4 Nb6 8.
Bb3 Nf6 9. Qe2 Nbd5 10. Be5 Qa5+ 11. c3 Be7 12. O-O Nxe4 13. Qxe4 Nf6 14. Bxf6
Bxf3 15. Qxf3 Bxf6 16. d4 O-O 17. Rfe1 Qf5 18. Qxf5 exf5 19. Rad1 a5 20. a4 b5
21. d5 bxa4 22. Bxa4 cxd5 23. Rxd5 g6 24. g3 Rfb8 25. Re2 Ra7 26. Rc5 Kg7 27.
b3 Rbb7 28. c4 Bc3 29. Rd5 Re7 30. Rc2 Bb4 31. c5 Rac7 32. c6 Kf6 33. Kg2 Re5
34. Rd8 h5 35. Rb8 Ree7 36. Rc1 Re2 37. Kf1 Rd2 38. Rb7 Bd6 39. Re1 Rd4 40. Rb6
Rd2 41. Re2 Rxe2 42. Kxe2 Re7+ 1/2-1/2

[Event "13. Sparkassen Open 2014 - Gruppe A"]
[Site "Forchheim"]
[Date "2014.10.03"]
[Round "1.22"]
[White "Muth, Matthias P"]
[Black "Imcke, Patrick"]
[Result "0-1"]
[WhiteElo "2040"]
[BlackElo "2048"]
[PlyCount "96"]
[EventDate "2014.??.??"]
[WhiteTeam "Gelnhausen"]
[BlackTeam "SF Katernberg"]

1. c4 e5 2. g3 Nf6 3. Bg2 d5 4. cxd5 Nxd5 5. Nc3 Nb6 6. Nf3 Nc6 7. O-O Be6 8.
d3 Be7 9. e4 Qd7 10. Re1 O-O-O 11. Nd5 Nxd5 12. exd5 Bxd5 13. Nxe5 Nxe5 14.
Rxe5 Bxg2 15. Kxg2 Bf6 16. Rc5 Bd4 17. Rc2 f6 18. Bf4 c6 19. Rac1 g5 20. Bd2 h5
21. Qf3 h4 22. g4 h3+ 23. Kh1 Rh4 24. Bb4 Qd5 25. Qxd5 Rxd5 26. Bc3 Rxg4 27.
Re2 Rf4 28. Rce1 Bxc3 29. bxc3 Rxd3 30. Re8+ Kc7 31. Kg1 b5 32. R8e7+ Kb6 33.
R7e3 Rxe3 34. Rxe3 g4 35. Kf1 Kc5 36. Re6 a5 37. Re2 Kc4 38. Re3 f5 39. Re6 c5
40. Re5 a4 41. Re3 Re4 42. Rg3 b4 43. cxb4 cxb4 44. f4 b3 45. axb3+ axb3 46.
Kf2 b2 47. Rg1 Kc3 48. Rg3+ Kc2 0-1

[Event "13. Sparkassen Open 2014 - Gruppe A"]
[Site "Forchheim"]
[Date "2014.10.03"]
[Round "1.23"]
[White "Bachstein, Dustin"]
[Black "Keil, Roland"]
[Result "1-0"]
[WhiteElo "2083"]
[BlackElo "2049"]
[PlyCount "87"]
[EventDate "2014.??.??"]
[WhiteTeam "SC Erlangen"]
[BlackTeam "SC Waiblingen"]

1. d4 d5 2. c4 e6 3. Nc3 f5 4. g3 Nf6 5. Bg2 c6 6. Nh3 Bd6 7. Bf4 O-O 8. Bxd6
Qxd6 9. O-O b6 10. cxd5 exd5 11. Rb1 Nbd7 12. b4 Ne4 13. Nxe4 fxe4 14. b5 cxb5
15. Qb3 Nf6 16. Qxb5 Bd7 17. Qb3 Bf5 18. e3 g5 19. Nxg5 Qd7 20. Qb5 Qb7 21. Nh3
Bd7 22. Qb3 Bg4 23. Nf4 Qf7 24. Rbc1 Rad8 25. Rc6 Nh5 26. Rfc1 Nxf4 27. exf4
Be2 28. Rc7 Qf6 29. Qb4 a5 30. Qb2 Bc4 31. Bxe4 Rfe8 32. Bxh7+ Kh8 33. Bb1 Re2
34. Qc3 Rde8 35. Bd3 Bxd3 36. Qxd3 R2e4 37. R1c6 Qf5 38. Kg2 Qh5 39. Qb5 Rxf4
40. Rh6+ Qxh6 41. Qxe8+ Rf8 42. Qe5+ Qf6 43. Qh5+ Kg8 44. Qh7# 1-0